[Event "Masters Tournament (MTO)"]
[Site "Biel, CH"]
[Date "2025.07.17"]
[Round "4"]
[White "Gruenfeld, Yehuda"]
[Black "Perreard, Nicolas"]
[Result "1-0"]
[Board "23"]
[WhiteFideId "2800020"]
[BlackFideId "1330861"]
[WhiteTitle "GM"]
[WhiteElo "2367"]
[BlackElo "2100"]
[WhiteTeam "ISR"]
[BlackTeam "SUI"]
[WhiteClock "1:02:40"]
[BlackClock "1:24:37"]
[Variant "Standard"]

1. e4 {[%clk 1:40:56]}  e5 {[%clk 1:40:56]} 2. Nf3 {[%clk 1:41:15]}  Nf6 {[%clk 1:41:22]} 3. d4 {[%clk 1:41:38]}  Nxe4 {[%clk 1:41:47]} 4. Bd3 {[%clk 1:41:58]}  d5 {[%clk 1:42:08]} 5. dxe5 {[%clk 1:42:15]}  f5 {[%clk 1:42:20]} 6. O-O {[%clk 1:26:56]}  Bc5 {[%clk 1:39:52]} 7. c4 {[%clk 1:26:18]}  c6 {[%clk 1:39:12]} 8. cxd5 {[%clk 1:20:55]}  cxd5 {[%clk 1:35:49]} 9. Nc3 {[%clk 1:17:56]}  Be6 {[%clk 1:27:56]} 10. Na4 {[%clk 1:11:16]}  Be7 {[%clk 1:27:26]} 11. Nd4 {[%clk 1:10:05]}  Qd7 {[%clk 1:26:38]} 12. Bb5 {[%clk 1:05:51]}  Nc6 {[%clk 1:25:43]} 13. Qc2 {[%clk 1:03:29]}  Rc8 {[%clk 1:24:35]} 14. Bxc6 {[%clk 1:03:27]}  bxc6 {[%clk 1:24:37]} 15. f3 {[%clk 1:02:40]} 1-0

[Event "Masters Tournament (MTO)"]
[Site "Biel, CH"]
[Date "2025.07.17"]
[Round "4"]
[White "Federer, Colin"]
[Black "Zhang, Haoxuan"]
[Result "0-1"]
[Board "24"]
[WhiteFideId "1345117"]
[BlackFideId "8641552"]
[WhiteTitle "FM"]
[WhiteElo "2303"]
[BlackElo "1979"]
[WhiteTeam "SUI"]
[BlackTeam "CHN"]
[WhiteClock "0:36:17"]
[BlackClock "0:57:09"]
[Variant "Standard"]

1. e4 {[%clk 1:40:54]}  c5 {[%clk 1:40:38]} 2. Nf3 {[%clk 1:41:20]}  e6 {[%clk 1:41:02]} 3. d4 {[%clk 1:41:43]}  cxd4 {[%clk 1:41:22]} 4. Nxd4 {[%clk 1:42:07]}  a6 {[%clk 1:41:34]} 5. a3 {[%clk 1:41:34]}  b5 {[%clk 1:40:46]} 6. Nc3 {[%clk 1:40:57]}  Qc7 {[%clk 1:39:42]} 7. Be3 {[%clk 1:33:18]}  Bb7 {[%clk 1:37:36]} 8. Bd3 {[%clk 1:22:22]}  Nf6 {[%clk 1:36:10]} 9. O-O {[%clk 1:22:05]}  Be7 {[%clk 1:27:55]} 10. f4 {[%clk 1:20:57]}  d6 {[%clk 1:24:12]} 11. Qf3 {[%clk 1:17:23]}  Nbd7 {[%clk 1:15:20]} 12. Rad1 {[%clk 1:11:43]}  h5 {[%clk 1:05:28]} 13. Kh1 {[%clk 1:03:28]}  Rc8 {[%clk 0:55:28]} 14. f5 {[%clk 0:54:12]}  e5 {[%clk 1:09:28]} 15. Nb3 {[%clk 0:54:06]}  h4 {[%clk 0:59:42]} 16. Nd5 {[%clk 0:49:48]}  Bxd5 {[%clk 0:58:01]} 17. exd5 {[%clk 0:50:12]}  e4 {[%clk 0:58:07]} 18. Bxe4 {[%clk 0:43:05]}  Ne5 {[%clk 0:58:30]} 19. Qf4 {[%clk 0:41:47]}  Nh5 {[%clk 0:58:53]} 20. Qf2 {[%clk 0:42:07]}  Ng3+ {[%clk 0:59:16]} 21. Kg1 {[%clk 0:42:34]}  Nxe4 {[%clk 0:59:41]} 22. Qf4 {[%clk 0:42:29]}  Nf6 {[%clk 0:58:48]} 23. Rfe1 {[%clk 0:38:49]}  h3 {[%clk 0:57:05]} 24. Qg3 {[%clk 0:37:54]}  Ne4 {[%clk 0:56:36]} 25. Qf4 {[%clk 0:36:05]}  Rh4 {[%clk 0:56:52]} 26. Qf1 {[%clk 0:36:17]}  hxg2 {[%clk 0:57:09]} 0-1

[Event "Masters Tournament (MTO)"]
[Site "Biel, CH"]
[Date "2025.07.17"]
[Round "4"]
[White "Vihaan Dumir"]
[Black "Sanket Chakravarty"]
[Result "1/2-1/2"]
[Board "25"]
[WhiteFideId "25901010"]
[BlackFideId "25032038"]
[WhiteTitle "CM"]
[BlackTitle "IM"]
[WhiteElo "2143"]
[BlackElo "2301"]
[WhiteTeam "IND"]
[BlackTeam "INA"]
[WhiteClock "0:20:25"]
[BlackClock "0:13:42"]
[Variant "Standard"]

1. d4 {[%clk 1:40:58]}  Nf6 {[%clk 1:24:57]} 2. Bg5 {[%clk 1:41:25]}  d5 {[%clk 1:25:19]} 3. Bxf6 {[%clk 1:41:47]}  gxf6 {[%clk 1:25:44]} 4. e3 {[%clk 1:42:10]}  c5 {[%clk 1:26:02]} 5. dxc5 {[%clk 1:42:29]}  Nc6 {[%clk 1:26:27]} 6. a3 {[%clk 1:41:59]}  e6 {[%clk 1:15:34]} 7. b4 {[%clk 1:42:26]}  a5 {[%clk 1:15:34]} 8. Nd2 {[%clk 1:42:54]}  axb4 {[%clk 1:15:06]} 9. axb4 {[%clk 1:43:22]}  Rxa1 {[%clk 1:14:54]} 10. Qxa1 {[%clk 1:43:51]}  Nxb4 {[%clk 1:15:03]} 11. Qa4+ {[%clk 1:44:20]}  Nc6 {[%clk 1:13:00]} 12. Bb5 {[%clk 1:41:21]}  Bd7 {[%clk 1:14:16]} 13. Nb3 {[%clk 1:41:46]}  Be7 {[%clk 1:13:44]} 14. Ne2 {[%clk 1:42:01]}  O-O {[%clk 1:13:47]} 15. O-O {[%clk 1:41:35]}  Ne5 {[%clk 1:07:10]} 16. Ned4 {[%clk 1:40:20]}  Qc7 {[%clk 1:06:25]} 17. Bxd7 {[%clk 1:39:58]}  Qxd7 {[%clk 1:06:32]} 18. Qxd7 {[%clk 1:39:25]}  Nxd7 {[%clk 1:06:56]} 19. c6 {[%clk 1:39:51]}  bxc6 {[%clk 1:07:19]} 20. Nxc6 {[%clk 1:40:19]}  Bd6 {[%clk 1:07:29]} 21. e4 {[%clk 1:38:53]}  Rc8 {[%clk 1:02:49]} 22. exd5 {[%clk 1:39:19]}  Nb6 {[%clk 1:02:00]} 23. Na7 {[%clk 1:30:55]}  Rxc2 {[%clk 1:02:17]} 24. dxe6 {[%clk 1:31:21]}  fxe6 {[%clk 1:02:27]} 25. Nd4 {[%clk 1:30:50]}  Rd2 {[%clk 1:01:39]} 26. Nxe6 {[%clk 1:22:26]}  Kf7 {[%clk 0:58:03]} 27. Re1 {[%clk 1:21:25]}  Nc4 {[%clk 0:49:32]} 28. Nd8+ {[%clk 1:16:28]}  Kg6 {[%clk 0:48:45]} 29. Nb7 {[%clk 1:13:43]}  Bc7 {[%clk 0:46:08]} 30. Nc8 {[%clk 1:11:27]}  Ne5 {[%clk 0:43:10]} 31. Nc5 {[%clk 1:09:49]}  Rc2 {[%clk 0:39:42]} 32. Nb3 {[%clk 1:06:17]}  Nd3 {[%clk 0:28:11]} 33. Rd1 {[%clk 1:04:11]}  Nxf2 {[%clk 0:26:33]} 34. Rd2 {[%clk 1:02:49]}  Rc3 {[%clk 0:25:31]} 35. Kxf2 {[%clk 1:02:51]}  Bxh2 {[%clk 0:21:28]} 36. Ne7+ {[%clk 1:02:35]}  Kf7 {[%clk 0:21:49]} 37. Nf5 {[%clk 1:02:42]}  Rxb3 {[%clk 0:22:07]} 38. Rd7+ {[%clk 0:55:17]}  Kg6 {[%clk 0:20:48]} 39. Nh4+ {[%clk 0:53:57]}  Kh6 {[%clk 0:21:06]} 40. Nf5+ {[%clk 0:53:22]}  Kg5 {[%clk 0:21:07]} 41. Rxh7 {[%clk 0:52:20]}  Be5 {[%clk 0:19:56]} 42. Ne7 {[%clk 0:51:41]}  f5 {[%clk 0:19:58]} 43. Rf7 {[%clk 0:50:32]}  Bg3+ {[%clk 0:17:55]} 44. Ke2 {[%clk 0:50:12]}  f4 {[%clk 0:18:19]} 45. Nd5 {[%clk 0:49:20]}  Kg4 {[%clk 0:18:13]} 46. Rf8 {[%clk 0:41:31]}  Rb2+ {[%clk 0:18:09]} 47. Kd3 {[%clk 0:41:58]}  Rxg2 {[%clk 0:18:22]} 48. Nf6+ {[%clk 0:38:45]}  Kf3 {[%clk 0:18:19]} 49. Ne4 {[%clk 0:36:01]}  Ra2 {[%clk 0:18:41]} 50. Nd2 {[%clk 0:34:19]}  Kf2 {[%clk 0:19:00]} 51. Ne4+ {[%clk 0:33:57]}  Ke1 {[%clk 0:16:40]} 52. Rc8 {[%clk 0:33:22]}  Ra3+ {[%clk 0:17:04]} 53. Rc3 {[%clk 0:33:20]}  Rxc3+ {[%clk 0:16:17]} 54. Nxc3 {[%clk 0:30:29]}  f3 {[%clk 0:16:32]} 55. Ne4 {[%clk 0:29:13]}  Bf4 {[%clk 0:14:20]} 56. Kc2 {[%clk 0:27:23]}  Be3 {[%clk 0:13:36]} 57. Kd3 {[%clk 0:27:23]}  Bb6 {[%clk 0:13:23]} 58. Kc4 {[%clk 0:19:03]}  Ke2 {[%clk 0:12:13]} 59. Ng5 {[%clk 0:19:08]}  f2 {[%clk 0:12:01]} 60. Ne4 {[%clk 0:19:37]}  f1=N {[%clk 0:12:22]} 61. Nc3+ {[%clk 0:19:53]}  Kd2 {[%clk 0:12:48]} 62. Nd5 {[%clk 0:20:00]}  Ne3+ {[%clk 0:13:14]} 63. Nxe3 {[%clk 0:20:25]}  Bxe3 {[%clk 0:13:42]} 1/2-1/2

[Event "Masters Tournament (MTO)"]
[Site "Biel, CH"]
[Date "2025.07.17"]
[Round "4"]
[White "Yang, Ray"]
[Black "Saminskij, Jan"]
[Result "1/2-1/2"]
[Board "26"]
[WhiteFideId "3220281"]
[BlackFideId "1346962"]
[WhiteTitle "FM"]
[WhiteElo "2081"]
[BlackElo "2230"]
[WhiteTeam "AUS"]
[BlackTeam "SUI"]
[WhiteClock "0:05:58"]
[BlackClock "0:45:09"]
[Variant "Standard"]

1. e4 {[%clk 1:40:58]}  c5 {[%clk 1:39:35]} 2. Nc3 {[%clk 1:41:21]}  a6 {[%clk 1:39:40]} 3. g3 {[%clk 1:41:43]}  b5 {[%clk 1:39:10]} 4. Bg2 {[%clk 1:42:04]}  Bb7 {[%clk 1:39:33]} 5. Nge2 {[%clk 1:42:11]}  e6 {[%clk 1:39:52]} 6. O-O {[%clk 1:42:04]}  Nf6 {[%clk 1:36:32]} 7. d4 {[%clk 1:41:23]}  cxd4 {[%clk 1:35:26]} 8. Nxd4 {[%clk 1:41:40]}  b4 {[%clk 1:35:35]} 9. Na4 {[%clk 1:40:38]}  Bxe4 {[%clk 1:35:59]} 10. Bxe4 {[%clk 1:40:28]}  Nxe4 {[%clk 1:36:22]} 11. Re1 {[%clk 1:38:11]}  Nc5 {[%clk 1:32:34]} 12. c4 {[%clk 1:28:56]}  Nc6 {[%clk 1:16:32]} 13. Nxc6 {[%clk 1:19:47]}  dxc6 {[%clk 1:16:52]} 14. Qh5 {[%clk 1:20:00]}  Nxa4 {[%clk 1:05:53]} 15. Bg5 {[%clk 0:54:27]}  Qc8 {[%clk 0:55:20]} 16. Rad1 {[%clk 0:55:32]}  g6 {[%clk 0:55:34]} 17. Qf3 {[%clk 0:48:24]}  Be7 {[%clk 0:49:31]} 18. Bxe7 {[%clk 0:45:58]}  Kxe7 {[%clk 0:49:53]} 19. Qb3 {[%clk 0:43:03]}  Qb7 {[%clk 0:39:08]} 20. Qxa4 {[%clk 0:46:29]}  c5 {[%clk 0:33:30]} 21. a3 {[%clk 0:30:50]}  Rhd8 {[%clk 0:31:07]} 22. Qa5 {[%clk 0:30:32]}  Rxd1 {[%clk 0:28:44]} 23. Rxd1 {[%clk 0:30:40]}  Rc8 {[%clk 0:28:51]} 24. axb4 {[%clk 0:30:37]}  cxb4 {[%clk 0:27:26]} 25. Qg5+ {[%clk 0:29:52]}  Kf8 {[%clk 0:25:55]} 26. Rd8+ {[%clk 0:29:40]}  Rxd8 {[%clk 0:24:10]} 27. Qxd8+ {[%clk 0:30:03]}  Kg7 {[%clk 0:24:34]} 28. Qd4+ {[%clk 0:29:01]}  Kf8 {[%clk 0:23:38]} 29. Qd8+ {[%clk 0:27:56]}  Kg7 {[%clk 0:19:12]} 30. Qd4+ {[%clk 0:22:59]}  Kf8 {[%clk 0:24:31]} 31. c5 {[%clk 0:22:41]}  Ke8 {[%clk 0:20:43]} 32. h4 {[%clk 0:16:48]}  a5 {[%clk 0:19:20]} 33. Qd6 {[%clk 0:16:48]}  Qd7 {[%clk 0:18:06]} 34. Qe5 {[%clk 0:06:09]}  Qc6 {[%clk 0:15:21]} 35. Qb8+ {[%clk 0:07:35]}  Ke7 {[%clk 0:14:00]} 36. Qa7+ {[%clk 0:07:53]}  Qd7 {[%clk 0:13:55]} 37. Qxa5 {[%clk 0:08:02]}  Qd1+ {[%clk 0:14:22]} 38. Kg2 {[%clk 0:05:15]}  Qd5+ {[%clk 0:14:49]} 39. Kg1 {[%clk 0:05:25]}  Qd1+ {[%clk 0:15:17]} 40. Kg2 {[%clk 0:05:36]}  Qd5+ {[%clk 0:15:44]} 41. Kh2 {[%clk 0:09:38]}  Qd4 {[%clk 0:45:08]} 42. Qc7+ {[%clk 0:09:57]}  Kf6 {[%clk 0:45:37]} 43. Kg2 {[%clk 0:08:36]}  Qe4+ {[%clk 0:44:43]} 44. Kh2 {[%clk 0:05:55]}  Qd4 {[%clk 0:44:44]} 45. Kg2 {[%clk 0:06:01]}  Qe4+ {[%clk 0:45:09]} 46. Kh2 {[%clk 0:05:58]} 1/2-1/2

[Event "Masters Tournament (MTO)"]
[Site "Biel, CH"]
[Date "2025.07.17"]
[Round "4"]
[White "Chen, Muxi"]
[Black "Hottinger, Simon"]
[Result "1/2-1/2"]
[Board "27"]
[WhiteFideId "8626073"]
[BlackFideId "1350552"]
[WhiteElo "2224"]
[BlackElo "1913"]
[WhiteTeam "CHN"]
[BlackTeam "SUI"]
[WhiteClock "0:31:30"]
[BlackClock "0:25:06"]
[Variant "Standard"]

1. e4 {[%clk 1:40:57]}  c5 {[%clk 1:40:52]} 2. Nf3 {[%clk 1:41:22]}  d6 {[%clk 1:41:07]} 3. d4 {[%clk 1:41:45]}  cxd4 {[%clk 1:41:32]} 4. Nxd4 {[%clk 1:42:11]}  Nf6 {[%clk 1:41:54]} 5. Nc3 {[%clk 1:42:36]}  a6 {[%clk 1:42:19]} 6. Be2 {[%clk 1:43:01]}  e5 {[%clk 1:42:42]} 7. Nb3 {[%clk 1:43:26]}  Be7 {[%clk 1:43:03]} 8. Be3 {[%clk 1:43:50]}  Be6 {[%clk 1:43:27]} 9. Nd5 {[%clk 1:44:14]}  Nbd7 {[%clk 1:43:38]} 10. Qd3 {[%clk 1:44:38]}  O-O {[%clk 1:43:53]} 11. O-O {[%clk 1:45:02]}  Bxd5 {[%clk 1:44:14]} 12. exd5 {[%clk 1:45:27]}  Rc8 {[%clk 1:44:14]} 13. c4 {[%clk 1:45:49]}  a5 {[%clk 1:44:38]} 14. Rae1 {[%clk 1:46:13]}  g6 {[%clk 1:44:01]} 15. Kh1 {[%clk 1:46:37]}  Re8 {[%clk 1:43:09]} 16. f4 {[%clk 1:36:10]}  a4 {[%clk 1:37:02]} 17. Nd2 {[%clk 1:34:06]}  exf4 {[%clk 1:35:00]} 18. Bxf4 {[%clk 1:33:25]}  Bf8 {[%clk 1:25:37]} 19. Bg5 {[%clk 1:19:20]}  Bg7 {[%clk 1:20:14]} 20. Nb1 {[%clk 1:00:02]}  Qb6 {[%clk 1:17:45]} 21. Nc3 {[%clk 0:47:05]}  Qa5 {[%clk 0:51:02]} 22. Qb1 {[%clk 0:25:46]}  Re7 {[%clk 0:38:58]} 23. Nb5 {[%clk 0:20:20]}  Rce8 {[%clk 0:26:53]} 24. Nxd6 {[%clk 0:16:55]}  Rxe2 {[%clk 0:34:09]} 25. Nxe8 {[%clk 0:17:15]}  Rxe8 {[%clk 0:34:33]} 26. Rxe8+ {[%clk 0:17:10]}  Nxe8 {[%clk 0:35:02]} 27. Qe4 {[%clk 0:12:20]}  Ne5 {[%clk 0:28:35]} 28. Bf4 {[%clk 0:13:56]}  Nd6 {[%clk 0:25:33]} 29. Qe2 {[%clk 0:10:55]}  f6 {[%clk 0:15:54]} 30. Bxe5 {[%clk 0:12:26]}  fxe5 {[%clk 0:15:21]} 31. Qf2 {[%clk 0:12:38]}  Qb4 {[%clk 0:08:21]} 32. c5 {[%clk 0:05:59]}  Nf5 {[%clk 0:14:45]} 33. d6 {[%clk 0:05:31]}  Qd4 {[%clk 0:10:43]} 34. Qf3 {[%clk 0:02:04]}  e4 {[%clk 0:07:25]} 35. Qe2 {[%clk 0:00:46]}  Qxc5 {[%clk 0:06:01]} 36. d7 {[%clk 0:00:52]}  Qd5 {[%clk 0:03:53]} 37. Rd1 {[%clk 0:00:44]}  Nd4 {[%clk 0:03:58]} 38. Qc4 {[%clk 0:00:42]}  Qxc4 {[%clk 0:03:19]} 39. d8=Q+ {[%clk 0:00:05]}  Kf7 {[%clk 0:03:13]} 40. Qd7+ {[%clk 0:01:34]}  Kf8 {[%clk 0:00:26]} 41. Qd8+ {[%clk 0:00:55]}  Kf7 {[%clk 0:00:50]} 42. Qd7+ {[%clk 0:01:08]}  Kf8 {[%clk 0:25:06]} 43. Qd8+ {[%clk 0:31:30]} 1/2-1/2

[Event "Masters Tournament (MTO)"]
[Site "Biel, CH"]
[Date "2025.07.17"]
[Round "4"]
[White "Sowray, Peter J"]
[Black "Gafner, Lancelot"]
[Result "1-0"]
[Board "28"]
[WhiteFideId "400971"]
[BlackFideId "1345818"]
[WhiteTitle "FM"]
[WhiteElo "2211"]
[BlackElo "1901"]
[WhiteTeam "ENG"]
[BlackTeam "SUI"]
[WhiteClock "1:14:08"]
[BlackClock "1:03:07"]
[Variant "Standard"]

1. d4 {[%clk 1:40:53]}  d5 {[%clk 1:40:56]} 2. Nf3 {[%clk 1:41:15]}  Nf6 {[%clk 1:41:20]} 3. c3 {[%clk 1:41:39]}  c5 {[%clk 1:40:56]} 4. dxc5 {[%clk 1:41:25]}  Nc6 {[%clk 1:36:59]} 5. b4 {[%clk 1:39:23]}  e6 {[%clk 1:34:44]} 6. e3 {[%clk 1:28:22]}  Bd7 {[%clk 1:32:06]} 7. Bb5 {[%clk 1:24:32]}  a5 {[%clk 1:30:59]} 8. a4 {[%clk 1:17:24]}  Qc7 {[%clk 1:27:11]} 9. O-O {[%clk 1:14:53]}  axb4 {[%clk 1:17:01]} 10. Bxc6 {[%clk 1:30:08]}  Qxc6 {[%clk 1:17:11]} 11. cxb4 {[%clk 1:29:14]}  Rxa4 {[%clk 1:11:02]} 12. Nd4 {[%clk 1:18:16]}  Qa6 {[%clk 1:09:40]} 13. b5 {[%clk 1:23:32]}  Bxb5 {[%clk 1:07:12]} 14. Nxb5 {[%clk 1:23:53]}  Rxa1 {[%clk 1:07:30]} 15. Nc7+ {[%clk 1:22:57]}  Kd8 {[%clk 1:07:11]} 16. Nxa6 {[%clk 1:24:28]}  Rxb1 {[%clk 1:01:54]} 17. Qd3 {[%clk 1:18:29]}  Ra1 {[%clk 1:07:16]} 18. Bb2 {[%clk 1:17:18]}  Rxa6 {[%clk 1:06:52]} 19. Bxf6+ {[%clk 1:16:24]}  gxf6 {[%clk 1:06:34]} 20. Qb5 {[%clk 1:13:30]}  Rc6 {[%clk 1:04:47]} 21. Qxb7 {[%clk 1:17:50]}  Rxc5 {[%clk 1:02:37]} 22. Qxf7 {[%clk 1:16:25]}  Be7 {[%clk 1:00:00]} 23. Ra1 {[%clk 1:15:56]}  Kd7 {[%clk 1:02:32]} 24. Ra7+ {[%clk 1:13:56]}  Kc6 {[%clk 1:01:23]} 25. Qxe6+ {[%clk 1:13:27]}  Bd6 {[%clk 1:02:53]} 26. Qd7+ {[%clk 1:13:45]}  Kb6 {[%clk 1:03:07]} 27. Qb7# {[%clk 1:14:08]} 1-0

[Event "Masters Tournament (MTO)"]
[Site "Biel, CH"]
[Date "2025.07.17"]
[Round "4"]
[White "Artan, Tamir"]
[Black "Ho, Carter"]
[Result "0-1"]
[Board "29"]
[WhiteFideId "1346865"]
[BlackFideId "30965292"]
[BlackTitle "CM"]
[WhiteElo "2054"]
[BlackElo "2208"]
[WhiteTeam "SUI"]
[BlackTeam "USA"]
[WhiteClock "0:01:55"]
[BlackClock "0:06:57"]
[Variant "Standard"]

1. e4 {[%clk 1:34:17]}  c5 {[%clk 1:40:53]} 2. Nf3 {[%clk 1:34:44]}  e6 {[%clk 1:41:13]} 3. g3 {[%clk 1:35:11]}  Nc6 {[%clk 1:41:30]} 4. Bg2 {[%clk 1:35:37]}  Nf6 {[%clk 1:41:43]} 5. d3 {[%clk 1:36:04]}  Be7 {[%clk 1:41:11]} 6. e5 {[%clk 1:35:44]}  Ng4 {[%clk 1:40:38]} 7. Qe2 {[%clk 1:36:09]}  d6 {[%clk 1:37:11]} 8. exd6 {[%clk 1:34:43]}  Bxd6 {[%clk 1:33:37]} 9. Na3 {[%clk 1:24:32]}  O-O {[%clk 1:31:51]} 10. O-O {[%clk 1:13:05]}  e5 {[%clk 1:21:32]} 11. h3 {[%clk 1:22:08]}  Nf6 {[%clk 1:21:49]} 12. Nc4 {[%clk 1:21:43]}  Re8 {[%clk 1:18:23]} 13. c3 {[%clk 1:14:42]}  Be6 {[%clk 1:09:07]} 14. Nfd2 {[%clk 1:08:00]}  Bf8 {[%clk 1:07:32]} 15. Ne4 {[%clk 1:04:04]}  h6 {[%clk 1:04:25]} 16. Ncd2 {[%clk 0:51:46]}  Nd5 {[%clk 1:02:50]} 17. Nb3 {[%clk 0:51:34]}  b6 {[%clk 1:01:27]} 18. c4 {[%clk 0:38:01]}  Nde7 {[%clk 0:56:22]} 19. g4 {[%clk 0:37:12]}  f5 {[%clk 0:47:40]} 20. Ng3 {[%clk 0:32:11]}  f4 {[%clk 0:44:14]} 21. Bxf4 {[%clk 0:32:42]}  Bf7 {[%clk 0:33:43]} 22. Be3 {[%clk 0:32:15]}  Rc8 {[%clk 0:33:18]} 23. Be4 {[%clk 0:32:25]}  Ng6 {[%clk 0:32:41]} 24. Nf5 {[%clk 0:20:06]}  Nf4 {[%clk 0:19:18]} 25. Qf3 {[%clk 0:30:15]}  Qf6 {[%clk 0:17:06]} 26. Kh2 {[%clk 0:24:36]}  Nb4 {[%clk 0:16:20]} 27. a3 {[%clk 0:22:56]}  Nc6 {[%clk 0:15:01]} 28. Nc1 {[%clk 0:19:04]}  Nd8 {[%clk 0:00:54]} 29. Ne2 {[%clk 0:17:40]}  Nde6 {[%clk 0:13:14]} 30. Bxf4 {[%clk 0:06:42]}  exf4 {[%clk 0:13:29]} 31. Kg2 {[%clk 0:02:04]}  g6 {[%clk 0:10:16]} 32. Ne3 {[%clk 0:04:20]}  Bd6 {[%clk 0:08:33]} 33. Nd5 {[%clk 0:03:46]}  Qxb2 {[%clk 0:07:21]} 34. Nexf4 {[%clk 0:03:35]}  Ng5 {[%clk 0:07:45]} 35. Qe3 {[%clk 0:02:03]}  Nxe4 {[%clk 0:07:39]} 36. dxe4 {[%clk 0:04:11]}  Qe5 {[%clk 0:07:26]} 37. Kf3 {[%clk 0:03:12]}  Rf8 {[%clk 0:07:00]} 38. Ke2 {[%clk 0:03:05]}  Qb2+ {[%clk 0:04:18]} 39. Kd3 {[%clk 0:00:59]}  Bxf4 {[%clk 0:05:54]} 40. Nxf4 {[%clk 0:01:17]}  Bxc4+ {[%clk 0:06:02]} 41. Kxc4 {[%clk 0:01:42]}  b5+ {[%clk 0:06:31]} 42. Kd5 {[%clk 0:01:55]}  Rfd8+ {[%clk 0:06:57]} 0-1

[Event "Masters Tournament (MTO)"]
[Site "Biel, CH"]
[Date "2025.07.17"]
[Round "4"]
[White "Vemparala, Nikash"]
[Black "von Burg, Carl Alexander"]
[Result "1-0"]
[Board "30"]
[WhiteFideId "30960967"]
[BlackFideId "1352458"]
[WhiteTitle "CM"]
[WhiteElo "2187"]
[BlackElo "1878"]
[WhiteTeam "USA"]
[BlackTeam "SUI"]
[WhiteClock "0:22:02"]
[BlackClock "0:12:42"]
[Variant "Standard"]

1. c4 {[%clk 1:39:03]}  e5 {[%clk 1:40:31]} 2. g3 {[%clk 1:39:20]}  Nf6 {[%clk 1:40:54]} 3. Bg2 {[%clk 1:39:46]}  Bc5 {[%clk 1:41:13]} 4. Nc3 {[%clk 1:39:17]}  c6 {[%clk 1:40:45]} 5. e3 {[%clk 1:37:12]}  Bb6 {[%clk 1:40:47]} 6. d4 {[%clk 1:37:32]}  exd4 {[%clk 1:41:00]} 7. exd4 {[%clk 1:37:52]}  d5 {[%clk 1:41:13]} 8. cxd5 {[%clk 1:36:13]}  Nxd5 {[%clk 1:41:35]} 9. Nxd5 {[%clk 1:35:58]}  cxd5 {[%clk 1:41:55]} 10. Ne2 {[%clk 1:34:24]}  Nc6 {[%clk 1:29:34]} 11. O-O {[%clk 1:32:35]}  O-O {[%clk 1:28:10]} 12. h3 {[%clk 1:30:20]}  Be6 {[%clk 1:20:24]} 13. Be3 {[%clk 1:29:24]}  Qf6 {[%clk 1:19:06]} 14. Qd2 {[%clk 1:27:23]}  h6 {[%clk 1:18:42]} 15. Rfd1 {[%clk 1:20:00]}  Rad8 {[%clk 1:13:21]} 16. Nf4 {[%clk 1:25:08]}  Ne7 {[%clk 1:06:12]} 17. g4 {[%clk 1:20:19]}  Rfe8 {[%clk 0:57:38]} 18. Rac1 {[%clk 1:19:05]}  g5 {[%clk 0:54:02]} 19. Nh5 {[%clk 1:15:28]}  Qg6 {[%clk 0:53:37]} 20. f4 {[%clk 1:14:47]}  f5 {[%clk 0:51:58]} 21. fxg5 {[%clk 1:14:06]}  Rf8 {[%clk 0:47:43]} 22. Nf4 {[%clk 1:09:47]}  Qf7 {[%clk 0:35:16]} 23. Rf1 {[%clk 0:53:41]}  hxg5 {[%clk 0:44:17]} 24. Nxe6 {[%clk 0:52:59]}  Qxe6 {[%clk 0:44:36]} 25. Bxg5 {[%clk 0:53:22]}  Rd7 {[%clk 0:35:37]} 26. Rce1 {[%clk 0:53:20]}  Qd6 {[%clk 0:30:01]} 27. Kh1 {[%clk 0:44:56]}  Ng6 {[%clk 0:28:54]} 28. Rxf5 {[%clk 0:40:46]}  Rxf5 {[%clk 0:28:17]} 29. gxf5 {[%clk 0:41:10]}  Bc7 {[%clk 0:28:07]} 30. Bf1 {[%clk 0:37:55]}  Nf4 {[%clk 0:23:51]} 31. Re8+ {[%clk 0:29:27]}  Kf7 {[%clk 0:21:56]} 32. Re5 {[%clk 0:29:44]}  Nh5 {[%clk 0:20:28]} 33. Bh4 {[%clk 0:22:01]}  Qc6 {[%clk 0:13:55]} 34. Re6 {[%clk 0:21:42]}  Qa4 {[%clk 0:12:34]} 35. Qg5 {[%clk 0:21:41]}  Qd1 {[%clk 0:12:42]} 36. Qg6+ {[%clk 0:22:02]} 1-0

[Event "Masters Tournament (MTO)"]
[Site "Biel, CH"]
[Date "2025.07.17"]
[Round "4"]
[White "Saxena, Vihaan"]
[Black "Yash Abhijit Patil"]
[Result "0-1"]
[Board "31"]
[WhiteFideId "30997780"]
[BlackFideId "25602110"]
[WhiteElo "2031"]
[BlackElo "2186"]
[WhiteTeam "USA"]
[BlackTeam "IND"]
[WhiteClock "0:00:42"]
[BlackClock "0:59:34"]
[Variant "Standard"]

1. d4 {[%clk 1:38:59]}  Nf6 {[%clk 1:40:43]} 2. c4 {[%clk 1:39:14]}  g6 {[%clk 1:40:04]} 3. g3 {[%clk 1:39:07]}  Bg7 {[%clk 1:40:50]} 4. Bg2 {[%clk 1:38:29]}  O-O {[%clk 1:40:43]} 5. Nc3 {[%clk 1:39:26]}  d6 {[%clk 1:40:39]} 6. Nf3 {[%clk 1:39:42]}  Nbd7 {[%clk 1:40:31]} 7. O-O {[%clk 1:39:51]}  e5 {[%clk 1:34:51]} 8. dxe5 {[%clk 1:34:48]}  dxe5 {[%clk 1:37:50]} 9. e4 {[%clk 1:20:37]}  c6 {[%clk 1:31:48]} 10. h3 {[%clk 1:28:21]}  Nc5 {[%clk 1:14:18]} 11. Qxd8 {[%clk 1:12:34]}  Rxd8 {[%clk 1:14:42]} 12. Nxe5 {[%clk 1:07:15]}  Re8 {[%clk 1:11:09]} 13. f4 {[%clk 1:02:58]}  Nfxe4 {[%clk 1:10:25]} 14. Nxe4 {[%clk 0:44:50]}  Nxe4 {[%clk 1:10:48]} 15. Bxe4 {[%clk 0:44:46]}  f6 {[%clk 1:11:10]} 16. Bxg6 {[%clk 0:33:32]}  hxg6 {[%clk 1:11:25]} 17. Nf3 {[%clk 0:29:36]}  Bxh3 {[%clk 1:11:33]} 18. Rf2 {[%clk 0:29:28]}  Bf8 {[%clk 1:05:56]} 19. Kh2 {[%clk 0:26:59]}  Bc5 {[%clk 1:06:01]} 20. Rd2 {[%clk 0:26:44]}  Bg4 {[%clk 1:05:20]} 21. Kg2 {[%clk 0:24:35]}  Rad8 {[%clk 0:59:36]} 22. Rxd8 {[%clk 0:20:55]}  Rxd8 {[%clk 0:59:53]} 23. a3 {[%clk 0:04:24]}  Rd3 {[%clk 0:59:21]} 24. Nd2 {[%clk 0:02:06]}  Bd4 {[%clk 0:59:20]} 25. Rb1 {[%clk 0:01:22]}  Bf5 {[%clk 0:59:15]} 26. g4 {[%clk 0:00:42]}  Rxd2+ {[%clk 0:59:34]} 0-1